Die 67 höchsten Berge in Deutschland - Statistiken

Allgemein
  • Dieses Quiz wurde 125 mal gespielt
  • Das Durchschnittsergebnis liegt bei 7 aus 67
Antwortstatistiken
Höhe Ort(e) / Lage Berg % Korrekt
2 962 m Ostalpen(südwestl. von Garmisch) Zugspitze
99%
2 713 m Nationalpark Berchtesgaden Watzmann Mittelspitze
67%
2 628 m Wahrzeichen von Garmisch -Partenkirchen Alpspitze
37%
2 224 m Bayern (bei Oberstdorf) Nebelhorn
35%
2 746 m Wettersteingebirge (nördl. Kalkalpen) Wetterspitzen
30%
2 537 m Karwendel Östliche Karwendelspitze
28%
2 744 m Ostalpen(zw. Partenkirchen & Leutasch) Hochwanner
25%
2 522 m südöstl. von Berchtesgaden &westl. von Kuchl Hoher Göll
23%
2 645 m Allgäuer Alpen (bei Oberstdorf) Mädelegabel
23%
2 607 m Nationalpark Berchtesgaden Hochkalter
21%
2 682 m Ostalpen (zw. Partenkirchen,Leutasch & Mittenwald) Leutascher Dreitorspitze/ Karlspitze
21%
2 875 m Wettersteingebirge Schneefernerkopf
21%
2 592 m Allgäuer Alpen Hochvogel
17%
2 344 m Göllmassiv Brettriedel
13%
2 230 m westl. des Kleinwalsertals Hohe Ifen /Hochifen
13%
2 340 m Göllmassiv Hohes Brett
13%
2 633 m Wettersteingebirge Partenkirchener Dreitorspitze
13%
2 649 m Allgäuer Alpen (bei Oberstdorf) Hochfrottspitze
12%
2 740 m Wettersteingebirge (nördl. Kalkalpen) Höllentalspitze
12%
2 091 m Arnitzgruppe Mittlere Arnspitze
12%
2 578 m Berchtesgadener Alpen (Steinernes Meer) Funtenseetauern
11%
2 280 m bei den Bergseen Laufbichlsee,Koblatsee & Engeratsgundsee Großer Daumen
11%
2 599 m Allgäuer Alpen Biberkopf
10%
2 703 m Wettersteingebirge(nördl. Kalkalpen) Hochblassen
10%
2 259 m Allgäuer Alpen (bei Oberstdorf) Höfats
10%
2 551 m Allgäuer Alpen Krottenspitze
10%
2 595 m Allgäuer Alpen (bei Oberstdorf) Trettachspitze
10%
2 474 m Karwendel Wörner
10%
2 533 m Wettersteingebirge Hundstallköpfe
9%
2 185 m südöstl. des Ammersattels imEttaler Forst Kreuzspitz(e)
8%
2 594 m Berchtesgadener Alpen(Steinernes Meer) Großer Hundstod
7%
2 680 m Wettersteingebirge Plattspitzen
7%
2 363 m zw. Röth & Blühnbachtal Großes Teufelshorn
6%
2 350 m Hagengebirge Kahlersberg
6%
2 699 m Wettersteingebirge Hinterreintalschrofen
5%
2 196 m westl. von Scharnitz Große Arnspitze
4%
2 523 m Nördl. Kalkalpen Hocheisspitze
4%
2 482 m zw. Mittelwald 🇩🇪 & Scharnitz 🇦🇹 Hochkarspitze
4%
2 197 m Allgäuer Alpen Kleiner Daumen
4%
2 257 m Karwendel Soiernspitze
4%
2 286 m Reiter Alm Stadelhorn
4%
2 618 m Wettersteingebirge Vollkarspitze
4%
2 171 m Arnitzgruppe Arnplattenspitze / Hintere Arnspitze
3%
1 954 m Berchtesgadener Alpen Edelweißlahner
3%
2 391 m Göllmassiv Großer Archenkopf
3%
2 306 m Göllmassiv Kammerschneid
3%
2 045 m Berchtesgadener Alpen Schottmalhorn
3%
2 251 m Berchtesgadener Alpen Wagendrischelhorn
3%
2 460 m Wettersteingebirge(nördl. Kalkalpen) Grießkarscharte
2%
2 283 m Hagengebirge Kleines Teufelshorn
2%
2 376 m Allgäuer Alpen Kreuzeck / Kreuzegg
2%
2 033 m Wettersteingebirge(nördl. Kalkalpen) Osterfelderkopf
2%
2 384 m Allgäuer Alpen (bei Oberstdorf) Rauheck / Rauhegg
2%
2 698 m Wettersteingebirge Signalgipfel
2%
2 284 m Berchtesgadener Alpen Großes Häuselhorn
1%
2 308 m Göllmassiv Hinteres Freieck
1%
2 209 m Karwendel Reißende Lahnspitze
1%
2 002 m Arnitzgruppe Weißlehnkopf
1%
2 024 m Allgäuer Alpen Älpelekopf
0%
1 925 m Berchtesgadener Alpen Ameisnockenkopf
0%
1 981 m Allgäuer Alpen Geißfuß
0%
2 270 m Allgäuer Alpen Glasfelderkopf
0%
2 284 m Allgäuer Alpen Kesselspitz
0%
2 109 m Karwendel Krapfenkarspitze
0%
2 368 m Allgäuer Alpen Muttlerkopf
0%
2 576 m Allgäuer Alpen Öfnerspitze
0%
2 174 m Karwendel Soiernschneid
0%
Keine übereinstimmenden Quizze gefunden
Verteilung der Resultate
Anzahl Personen mit jedem Resultat
Perzentil nach korrekt beantworteten Fragen
Ihre Resultats-Entwicklung
Sie haben dieses Quiz noch nicht gespielt